Pokémon di tipo Volante parziale - Statistics

Statistiche generali
  • Questo quiz è stato fatto 5 volte
  • Il punteggio medio è 123 su 131
Statistiche sulle risposte
Numero Pokédex Nazionale Tipo Tipo Pokémon % Corretto
142 Roccia Volante Aerodactyl
100%
334 Drago Volante Altaria
100%
566 Roccia Volante Archen
100%
567 Roccia Volante Archeops
100%
144 Ghiaccio Volante Articuno
100%
144 Psico Volante Articuno (Forma di Galar)
100%
267 Coleottero Volante Beautifly
100%
962 Volante Buio Bombirdier
100%
628 Normale Volante Braviary
100%
628 Psico Volante Braviary (Forma di Hisui)
100%
12 Coleottero Volante Butterfree
100%
12 Coleottero Volante Butterfree Gigamax
100%
6 Fuoco Volante Charizard
100%
6 Fuoco Volante Charizard Gigamax
100%
441 Normale Volante Chatot
100%
415 Coleottero Volante Combee
100%
823 Volante Acciaio Corviknight
100%
823 Volante Acciaio Corviknight Gigamax
100%
169 Veleno Volante Crobat
100%
225 Ghiaccio Volante Delibird
100%
85 Normale Volante Dodrio
100%
84 Normale Volante Doduo
100%
149 Drago Volante Dragonite
100%
426 Spettro Volante Drifblim
100%
425 Spettro Volante Drifloon
100%
587 Elettro Volante Emolga
100%
905 Folletto Volante Enamorus (Forma Incarnazione)
100%
905 Folletto Volante Enamorus (Forma Totem)
100%
83 Normale Volante Farfetch'd
100%
22 Normale Volante Fearow
100%
662 Fuoco Volante Fletchinder
100%
661 Normale Volante Fletchling
100%
207 Terra Volante Gligar
100%
472 Terra Volante Gliscor
100%
42 Veleno Volante Golbat
100%
130 Acqua Volante Gyarados
100%
701 Lotta Volante Hawlucha
100%
430 Buio Volante Honchkrow
100%
250 Fuoco Volante Ho-Oh
100%
163 Normale Volante Hoothoot
100%
187 Erba Volante Hoppip
100%
189 Erba Volante Jumpluff
100%
645 Terra Volante Landorus (Forma Incarnazione)
100%
645 Terra Volante Landorus (Forma Totem)
100%
166 Coleottero Volante Ledian
100%
165 Coleottero Volante Ledyba
100%
249 Psico Volante Lugia
100%
226 Acqua Volante Mantine
100%
458 Acqua Volante Mantyke
100%
284 Coleottero Volante Masquerain
100%
142 Roccia Volante MegaAerodactyl
100%
6 Fuoco Volante MegaCharizard Y
100%
18 Normale Volante MegaPidgeot
100%
127 Coleottero Volante MegaPinsir
100%
384 Drago Volante MegaRayquaza
100%
373 Drago Volante MegaSalamence
100%
146 Fuoco Volante Moltres
100%
146 Buio Volante Moltres (Forma di Galar)
100%
414 Coleottero Volante Mothim
100%
198 Buio Volante Murkrow
100%
177 Psico Volante Natu
100%
164 Normale Volante Noctowl
100%
714 Volante Drago Noibat
100%
715 Volante Drago Noivern
100%
741 Spettro Volante Oricorio (Stile Buyō)
100%
741 Elettro Volante Oricorio (Stile Cheerdance)
100%
741 Fuoco Volante Oricorio (Stile Flamenco)
100%
741 Psico Volante Oricorio (Stile Hula)
100%
279 Acqua Volante Pelipper
100%
18 Normale Volante Pidgeot
100%
17 Normale Volante Pidgeotto
100%
16 Normale Volante Pidgey
100%
519 Normale Volante Pidove
100%
384 Drago Volante Rayquaza
100%
627 Normale Volante Rufflet
100%
373 Drago Volante Salamence
100%
123 Coleottero Volante Scyther
100%
227 Acciaio Volante Skarmory
100%
188 Erba Volante Skiploom
100%
21 Normale Volante Spearow
100%
398 Normale Volante Staraptor
100%
397 Normale Volante Staravia
100%
396 Normale Volante Starly
100%
333 Normale Volante Swablu
100%
277 Normale Volante Swellow
100%
528 Psico Volante Swoobat
100%
276 Normale Volante Taillow
100%
642 Elettro Volante Thundurus (Forma Incarnazione)
100%
642 Elettro Volante Thundurus (Forma Totem)
100%
468 Folletto Volante Togekiss
100%
176 Folletto Volante Togetic
100%
520 Normale Volante Tranquill
100%
357 Erba Volante Tropius
100%
521 Normale Volante Unfezant
100%
416 Coleottero Volante Vespiquen
100%
666 Coleottero Volante Vivillon
100%
629 Buio Volante Vullaby
100%
278 Acqua Volante Wingull
100%
527 Psico Volante Woobat
100%
178 Psico Volante Xatu
100%
193 Coleottero Volante Yanma
100%
469 Coleottero Volante Yanmega
100%
145 Elettro Volante Zapdos
100%
145 Lotta Volante Zapdos (Forma di Galar)
100%
41 Veleno Volante Zubat
100%
845 Volante Acqua Cramorant
75%
723 Erba Volante Dartrix
75%
580 Acqua Volante Ducklett
75%
941 Elettro Volante Kilowattrel
75%
630 Buio Volante Mandibuzz
75%
291 Coleottero Volante Ninjask
75%
731 Normale Volante Pikipek
75%
479 Elettro Volante Rotom (Rotom Vortice)
75%
722 Erba Volante Rowlet
75%
492 Erba Volante Shaymin (Forma Cielo)
75%
561 Psico Volante Sigilyph
75%
931 Normale Volante Squawkabilly (Piume Azzurre)
75%
931 Normale Volante Squawkabilly (Piume Bianche)
75%
931 Normale Volante Squawkabilly (Piume Gialle)
75%
931 Normale Volante Squawkabilly (Piume Verdi)
75%
581 Acqua Volante Swanna
75%
663 Fuoco Volante Talonflame
75%
733 Normale Volante Toucannon
75%
940 Elettro Volante Wattrel
75%
797 Acciaio Volante Celesteela
50%
973 Volante Lotta Flamigo
50%
774 Roccia Volante Minior (Forma Meteora)
50%
774 Roccia Volante Minior (Forma Nucleo)
50%
732 Normale Volante Trumbeak
50%
717 Buio Volante Yveltal
50%
993 Buio Volante Colloferreo
25%
Nessun quiz corrispondente trovato
Distribuzione punteggi
Percentuale di utenti per punteggio
Percentile per numero di risposta
I tuoi punteggi nel tempo
Non hai fatto questo quiz